| 000 | 00503cam9a220018100 4500 | ||
|---|---|---|---|
| 001 | tmp16044026 | ||
| 003 | UPRA | ||
| 005 | 20190815094438.0 | ||
| 008 | 951129s1990 sa eng u | ||
| 035 | _a(Sirsi) r75480 | ||
| 035 | _a(UPRA)tmp16044026 | ||
| 040 | _cUPRA | ||
| 100 | 1 |
_aWerner, I. D. _6A35885.1 |
|
| 245 | 1 | 0 |
_aCancer : _ba historic overview / _cI.D. Werner. |
| 260 |
_aCapetown : _bUniversity of Capetown, _c1990. |
||
| 949 |
_a(O8)UC.N.SER/159 _wlcc _mMAIN _tBOOK _lON-SHELF |
||
| 004 | 75480 | ||
| 999 |
_c59639 _d59639 |
||